[Event "HUN-chT U18"]
[Site "Budapest"]
[Date "2021.10.24"]
[Round "1.10"]
[White "Forgacs, Attila Jr"]
[Black "Fulop, Csilla"]
[Result "1-0"]
[WhiteElo "2080"]
[BlackElo "1457"]
[PlyCount "65"]
[EventDate "2021.10.24"]
[EventType "team-tourn"]
[EventRounds "7"]
[EventCountry "HUN"]
[SourceTitle "CBM 205 Extra"]
[Source "ChessBase"]
[SourceDate "2022.01.31"]
[SourceVersion "1"]
[SourceVersionDate "2022.01.31"]
[SourceQuality "1"]

1. e4 c5 2. Nf3 d6 3. d4 cxd4 4. Nxd4 Nf6 5. Nc3 g6 6. Be3 Bg7 7. f3 Nc6 8. Qd2 0-0 9. g4 Bd7 10. 0-0-0 Rc8 11. h4 h5 12. gxh5 Nxh5 13. Rg1 Qa5 14. Rg5 Qd8 15. Be2 Nxd4 16. Bxd4 Bxd4 17. Qxd4 a6 18. Rxh5 e5 19. Qg1 Kg7 20. Rg5 Be8 21. h5 Kh6 22. Rg3 g5 23. Qe3 f6 24. Qd2 Rc6 25. Nd5 Bf7 26. Kb1 Kxh5 27. f4+ Kg6 28. fxg5 fxg5 29. Rdg1 Bxd5 30. Rxg5+ Kf6 31. Qxd5 Qc8 32. Rf5+ Ke7 33. Rg7+ 1-0